[Event "Torneio Nacional de Mestres e Honra"]
[Site "Centro de Estagio do Jamor"]
[Date "2019.08.18"]
[Round "8.10"]
[White "Aguiar, Carlos"]
[Black "Horta, Antonio"]
[Result "0-1"]
[BlackElo "1843"]
[WhiteElo "1821"]
[WhiteTeam "Gx Alekhine"]
[BlackTeam "Amadora Xadrez"]
[LiveChessVersion "1.4.8"]

1. Nf3 {[%clk 1:30:56]} Nf6 {[%clk 1:30:18]} 2. d4 {[%clk 1:31:15]} e6
{[%clk 1:28:51]} 3. c4 {[%clk 1:31:27]} d5 {[%clk 1:28:12]} 4. Nc3
{[%clk 1:31:40]} Be7 {[%clk 1:28:27]} 5. Bg5 {[%clk 1:31:54]} O-O
{[%clk 1:28:42]} 6. e3 {[%clk 1:32:15]} c6 {[%clk 1:28:54]} 7. Rc1
{[%clk 1:32:18]} Nbd7 {[%clk 1:28:19]} 8. cxd5 {[%clk 1:32:31]} exd5
{[%clk 1:28:41]} 9. Bd3 {[%clk 1:32:48]} Re8 {[%clk 1:28:35]} 10. O-O
{[%clk 1:32:56]} Nf8 {[%clk 1:28:48]} 11. Bxf6 {[%clk 1:33:02]} Bxf6
{[%clk 1:29:11]} 12. h3 {[%clk 1:33:15]} g6 {[%clk 1:28:07]} 13. b4
{[%clk 1:33:19]} a6 {[%clk 1:28:31]} 14. a4 {[%clk 1:33:41]} Ne6 {[%clk 1:28:42]}
15. Ne2 {[%clk 1:33:31]} Qd6 {[%clk 1:22:50]} 16. Qb3 {[%clk 1:30:35]} Be7
{[%clk 0:47:28]} 17. Rb1 {[%clk 1:27:54]} a5 {[%clk 0:47:30]} 18. b5
{[%clk 1:16:13]} c5 {[%clk 0:47:35]} 19. dxc5 {[%clk 1:16:00]} Nxc5
{[%clk 0:47:59]} 20. Qd1 {[%clk 1:11:03]} Nxd3 {[%clk 0:48:13]} 21. Qxd3
{[%clk 1:10:19]} Bf5 {[%clk 0:48:42]} 22. Qd2 {[%clk 1:09:13]} Bxb1
{[%clk 0:49:07]} 23. Rxb1 {[%clk 1:09:32]} Bf6 {[%clk 0:38:18]} 24. Ned4
{[%clk 1:09:07]} Rec8 {[%clk 0:37:06]} 25. Rc1 {[%clk 1:08:26]} Qb4
{[%clk 0:36:06]} 26. Rxc8+ {[%clk 1:08:32]} Rxc8 {[%clk 0:36:34]} 27. Qa2
{[%clk 1:08:44]} Rc4 {[%clk 0:34:50]} 0-1